| Поле | Название | Значение |
| |
Тип записи |
c |
| |
Библиографический уровень |
m |
| 001 |
Контрольный номер |
RU/УОНБ/EK_N/608134126 |
| 005 |
Дата корректировки |
20251011152052.9 |
| 010 |
Индекс ISBN |
__ |
| 9 |
Тираж |
25000 экз. |
| 013 |
Номер (ISMN) |
__ |
| d |
Цена |
60 к. |
| 071 |
Издательские номер (звукозапись и ноты) |
21 |
| a |
Номер, присвоенный агентством |
13267 |
| 100 |
Данные общей обработки |
__ |
| a |
Данные общей обработки |
20190409d2019 u y0rusy0189 ca |
| 101 |
Язык документа |
0_ |
| a |
Язык текста |
rus |
| f |
Язык титульного листа |
rus |
| 102 |
Страна публикации |
__ |
| a |
Страна публикации |
RU |
| 125 |
Кодированные данные звукозаписи и нотных изданий |
__ |
| a |
Форма изложения нотного текста |
с |
| 128 |
Кодированные данные (звукозаписи-физические характеристики) |
__ |
| a |
Кодированные данные: Музыкальная форма и тональность или лад |
ccn |
| c |
Инструменты или голоса, рекомендуемые для солистов (устаревшее) |
vu |
| 200 |
Заглавие и сведения об ответственности |
1_ |
| a |
Заглавие |
Вып. 1 |
| e |
Сведения, относящиеся к заглавию |
Леонид Утёсов, Клавдия Шульженко |
| f |
Первые сведения об ответственности |
[послесловие с биографическими данными Г. Скороходова] |
| 203 |
Вид содержания и тип средства |
__ |
| a |
Вид содержания |
Музыка |
| b |
Характеристика содержания |
знаковая |
| c |
Тип средства |
непосредственная |
| 210 |
Выходные данные |
1_ |
| d |
Дата издания |
1986 |
| 215 |
Физическое описание |
__ |
| a |
Объем |
47 с. |
| c |
Иллюстрации/тип воспроизводства |
портр. |
| 327 |
Примечание о содержании |
11 |
| a |
Примечание о содержании |
Содерж.: Из репертуара Леонида Утёсова : Дунаевский И. Марш весёлых ребят : из кф. "Весёлые ребята" / сл. В. Лебедева-Кумача ; Песня о Каховке : из кф "Три товарища" / сл. М. Светлова. Пушков В. Лейся, песня, на просторе : из кф. "Семеро смелых" / сл. А. Апсолона. Германов С. Были два друга / сл. В. Гусева. Мокроусов Б. Заветный камень / сл. А. Жарова. Соловьёв-Седой В. О чём ты тоскуешь, товарищ моряк? / сл. В. Лебедева-Кумача. Богословский Н. Песня старого извозчика / сл. Я. Родионова. Из репертуара Клавдии Шульженко : Петерсбургский Г. Синий платочек / сл. Я. Галицкого и М. Максимова. Табачников М. Давай закурим! / сл. И. Френкеля. Соловьёв-Седой В. Где же вы теперь, друзья-однополчане? / сл. А. Фатьянова. Дунаевский И. Молчание / сл. М. Матусовского. Колмановский Э. Бабушкино танго / сл. В. Раздольского. Лепин А. Возьми гитару / сл. М. Пляцковского |
| 461 |
Уровень набора |
_0 |
| 1 |
|
2001 |
| a |
|
Мастера советской эстрады |
| e |
|
песни для голоса в сопровождении фортепиано (гитары, баяна) |
| f |
|
составитель В. Судовых |
| v |
|
Вып. 1 |
| 1 |
|
2101 |
| a |
|
Москва |
| c |
|
Музыка |
| d |
|
1986 |
| 1 |
|
001RU/УОНБ/EK_N/608133258 |
| 464 |
Аналитический уровень |
_0 |
| 1 |
|
036 |
| t |
|
Легко на сердце от песни весёлой... |
| 1 |
|
700 1 |
| a |
|
Дунаевский |
| b |
|
И. |
| 1 |
|
702 1 |
| a |
|
Лебедев-Кумач |
| b |
|
В. |
| 4 |
|
520 |
| 1 |
|
2001 |
| a |
|
Марш весёлых ребят |
| e |
|
из кф. "Весёлые ребята" |
| e |
|
из репертуара Леонида Утёсова |
| 1 |
|
50010 |
| a |
|
Весёлые ребята |
| 464 |
Аналитический уровень |
_0 |
| 1 |
|
700 1 |
| a |
|
Пушков |
| b |
|
В. |
| 1 |
|
702 1 |
| a |
|
Апсолон |
| b |
|
А. |
| 4 |
|
520 |
| 1 |
|
2001 |
| a |
|
Лейся, песня, на просторе |
| e |
|
из кф. "Семеро смелых" |
| e |
|
из репертуара Леонида Утёсова |
| 1 |
|
50010 |
| a |
|
Семеро смелых |
| 464 |
Аналитический уровень |
_0 |
| 1 |
|
036 |
| t |
|
Были два друга в нашем полку... |
| 1 |
|
700 1 |
| a |
|
Германов |
| b |
|
С. |
| 1 |
|
702 1 |
| a |
|
Гусев |
| b |
|
В. |
| 4 |
|
520 |
| 1 |
|
2001 |
| a |
|
Были два друга |
| e |
|
из репертуара Леонида Утёсова |
| 464 |
Аналитический уровень |
_0 |
| 1 |
|
036 |
| t |
|
Холодные волны вздымает лавиной... |
| 1 |
|
700 1 |
| a |
|
Мокроусов |
| b |
|
Б. |
| 1 |
|
702 1 |
| a |
|
Жаров |
| b |
|
А. |
| 4 |
|
520 |
| 1 |
|
2001 |
| a |
|
Заветный камень |
| e |
|
из репертуара Леонида Утёсова |
| 464 |
Аналитический уровень |
_0 |
| 1 |
|
700 1 |
| a |
|
Соловьёв-Седой |
| b |
|
В. |
| 1 |
|
702 1 |
| a |
|
Лебедев-Кумач |
| b |
|
В. |
| 4 |
|
520 |
| 1 |
|
2001 |
| a |
|
О чём ты тоскуешь, товарищ моряк? |
| e |
|
из репертуара Леонида Утёсова |
| 464 |
Аналитический уровень |
_0 |
| 1 |
|
036 |
| t |
|
Только глянет над Москвою утро вешнее... |
| 1 |
|
700 1 |
| a |
|
Богословский |
| b |
|
Н. |
| 1 |
|
702 1 |
| a |
|
Родионов |
| b |
|
Я. |
| 4 |
|
520 |
| 1 |
|
2001 |
| a |
|
Песня старого извозчика |
| e |
|
из репертуара Леонида Утёсова |
| 464 |
Аналитический уровень |
_0 |
| 1 |
|
036 |
| t |
|
Синенький скромный платочек... |
| 1 |
|
700 1 |
| a |
|
Петерсбургский |
| b |
|
Г. |
| 1 |
|
702 1 |
| a |
|
Галицкий |
| b |
|
Я. |
| 4 |
|
520 |
| 1 |
|
702 1 |
| a |
|
Максимов |
| b |
|
М. |
| 4 |
|
520 |
| 1 |
|
2001 |
| a |
|
Синий платочек |
| e |
|
из репертуара Клавдии Шульженко |
| 464 |
Аналитический уровень |
_0 |
| 1 |
|
036 |
| t |
|
Тёплый ветер дует... |
| 1 |
|
700 1 |
| a |
|
Табачников |
| b |
|
М. |
| 1 |
|
702 1 |
| a |
|
Френкель |
| b |
|
И. |
| 4 |
|
520 |
| 1 |
|
2001 |
| a |
|
Давай закурим! |
| e |
|
из репертуара Клавдии Шульженко |
| 464 |
Аналитический уровень |
_0 |
| 1 |
|
036 |
| t |
|
Майскими короткими ночами... |
| 1 |
|
700 1 |
| a |
|
Соловьёв-Седой |
| b |
|
В. |
| 1 |
|
702 1 |
| a |
|
Фатьянов |
| b |
|
А. |
| 4 |
|
520 |
| 1 |
|
2001 |
| a |
|
Где же вы теперь, друзья-однополчане? |
| e |
|
из репертуара Клавдии Шульженко |
| 464 |
Аналитический уровень |
_0 |
| 1 |
|
036 |
| t |
|
Я люблю без сна и устали... |
| 1 |
|
700 1 |
| a |
|
Дунаевский |
| b |
|
И. |
| 1 |
|
702 1 |
| a |
|
Матусовский |
| b |
|
М. |
| 4 |
|
520 |
| 1 |
|
2001 |
| a |
|
Молчание |
| e |
|
из репертуара Клавдии Шульженко |
| 464 |
Аналитический уровень |
_0 |
| 1 |
|
036 |
| t |
|
Мне сегодня ночью вдруг... |
| 1 |
|
700 1 |
| a |
|
Колмановский |
| b |
|
Э. |
| 1 |
|
702 1 |
| a |
|
Раздольский |
| b |
|
В. |
| 4 |
|
520 |
| 1 |
|
2001 |
| a |
|
Бабушкино танго |
| e |
|
из репертуара Клавдии Шульженко |
| 464 |
Аналитический уровень |
_0 |
| 1 |
|
036 |
| t |
|
Возьми гитару, ей лет не мало... |
| 1 |
|
700 1 |
| a |
|
Лепин |
| b |
|
А. |
| 1 |
|
702 1 |
| a |
|
Пляцковский |
| b |
|
М. |
| 4 |
|
520 |
| 1 |
|
2001 |
| a |
|
Возьми гитару |
| e |
|
из репертуара Клавдии Шульженко |
| 464 |
Аналитический уровень |
_0 |
| 1 |
|
036 |
| t |
|
Каховка, Каховка, родная винтовка... |
| 1 |
|
700 1 |
| a |
|
Дунаевский |
| b |
|
И. |
| 1 |
|
702 1 |
| a |
|
Светлов |
| b |
|
М. |
| 4 |
|
520 |
| 1 |
|
2001 |
| a |
|
Песня о Каховке |
| e |
|
из кф "Три товарища" |
| e |
|
из репертуара Леонида Утёсова |
| 1 |
|
50010 |
| a |
|
Три товарища |
| 606 |
Тематические рубрики |
0_ |
| a |
Основная рубрика |
Песни советских композиторов |
| 610 |
Ключевые слова |
0_ |
| a |
Ключевые слова |
песни советских композиторов |
| 686 |
Индексы других классификаций |
__ |
| a |
Классификационный индекс |
85.943.4-42-041(2)я43 |
| a |
Классификационный индекс |
85.943,8 |
| 2 |
Код системы |
rubbk |
| 702 |
Вторичная интеллектуальная ответственность |
_1 |
| a |
Фамилия |
Скороходов |
| b |
Имя (инициалы) |
Г. |
| 4 |
Код отношения |
075 |
| 801 |
Источник записи |
_0 |
| a |
Страна |
RU |
| b |
Организация |
Ульяновская ОНБ |
| c |
Дата составления |
20190409 |
| g |
Правила каталогизации |
RCR |
| 801 |
Источник записи |
_1 |
| a |
Страна |
RU |
| b |
Организация |
Ульяновская ОНБ |
| c |
Дата составления |
20190409 |
| g |
Правила каталогизации |
RCR |
| 901 |
Тип документа |
__ |
| t |
Тип документа |
n |
| w |
Контрольный № источника |
RU/УОНБ/EK_N/608133258 |
| 909 |
Создатель записи |
__ |
| a |
Создатель записи |
Лобина Л. И. |
| 910 |
Корректоры записи |
__ |
| a |
Корректор записи |
Грязнова И. Е. |
| b |
Дата внесения изменения в запись |
20251011 |